000 00604nam a2200181Ia 4500
005 20250923144734.0
008 008 250917s9999 xx 000 0 eng d
037 _aTextual
040 _aDSWL
_beng
_cDSWL
041 _aeng
_2eng
084 _aT:2:3(YX).73.N5, N59;1
_qDSWL
100 _aBoehm, Werner W.
_9827915
245 0 _aObjective of the social work curriculum of the future Vol. 1
_cby Werner W. Boehm
260 _aNew York
_bCouncil on Social Work Education
_c1959
300 _axx,291p.
942 _cTEXL
_hT:2:3(YX).73.N5, N59;1
999 _c1442727
_d1442727